| 000 | 00676nam a2200277Ia 4500 | ||
|---|---|---|---|
| 001 | Z_5753 | ||
| 003 | CHAP | ||
| 005 | 20221018160544.0 | ||
| 008 | 220113s2008 mx gr 000 0 spa d | ||
| 010 | _a168859 | ||
| 020 | _a970-627-333-5 | ||
| 040 | _cCHAP | ||
| 082 | 0 | 0 | _a840 H8 |
| 100 | 1 |
_aHugo, Víctor _9131098 _d1802-1885 _eautor |
|
| 245 | 1 | 4 |
_aLos miserables / _cVíctor Hugo |
| 260 |
_aMéxico, D.F. : _bÉpoca, _c2008 |
||
| 300 | _a454 páginas | ||
| 440 |
_a(Nuevo Talento) _9143088 |
||
| 503 | _aej.1: c/e | ||
| 650 | 4 |
_aLiteratura francesa _967127 |
|
| 901 | _a840 H8 | ||
| 902 | _aA | ||
| 910 | _a2008 | ||
| 942 |
_cLIBRO _2ddc |
||
| 942 |
_cLIBRO _2ddc |
||
| 999 |
_c168859 _d168859 |
||